| 000 | 01054cam a22003377a 4500 | ||
|---|---|---|---|
| 001 | 000071008 | ||
| 003 | CHAP | ||
| 005 | 20220329141439.0 | ||
| 008 | 971013s1987 r 00010 d | ||
| 010 | _a68279 | ||
| 011 | _a69251 | ||
| 020 | _a8429150021 (España) | ||
| 035 | _a78727 | ||
| 040 | _cCHAP | ||
| 082 |
_a541 _bM67Y |
||
| 100 | 0 | 0 |
_aMorris, J. Gareth. _978899 |
| 245 | 0 |
_aFisicoquímica para biólogos : _b: conceptos básicos para las facultades de medicina, farmacia y biología. |
|
| 260 |
_aBarcelona : _bREVERTÉ, _cc1975. |
||
| 260 |
_aMéxico : _bREPLA, _c1987. |
||
| 300 |
_a389 P. : _b: ilus. |
||
| 590 |
_aBATCH-UPD _b10 _c20130110 _lUCH01 _h2008 |
||
| 590 |
_aBATCH-UPD _b10 _c20130410 _lUCH01 _h1328 |
||
| 590 |
_aBATCH-UPD _b10 _c20130914 _lUCH01 _h1411 |
||
| 590 |
_aCONVERSION _b10 _c20130109 _lUCH01 _h1338 |
||
| 590 |
_aE6096MTM _b05 _c20171107 _lUCH01 _h0928 |
||
| 650 | 1 | 4 |
_aFisicoquímica. _941125 |
| 901 | _aBK | ||
| 942 | _cLIBRO | ||
| 942 | _n0 | ||
| 949 |
_a541 M67y _bBC _cLIBRO _d33724000983201 _eLIBRO _h74994 _i78727 _so |
||
| 999 |
_c68279 _d68279 |
||